| 000 | 05250nas1a22006971 4500 | ||
|---|---|---|---|
| 001 | RU\NLR\INFOCOMM31\1000014220 | ||
| 005 | 20260206113452.0 | ||
| 035 | _a(NLR Aleph) 002637627 | ||
| 090 |
_a990 _c990 |
||
| 100 | _a20040113c1933 u y0rusy50 ca | ||
| 101 | 0 | _arus | |
| 102 | _aRU | ||
| 110 | _aayu||||0|y0 | ||
| 200 | 1 |
_aТруды Академии _fВоен. ордена Ленина акад. бронетанковых войск им. И.В. Сталина |
|
| 207 | 1 | _aСб.№1- | |
| 210 |
_aМ. _cАкадемия _d1933- |
||
| 421 | 1 |
_12001#$aПриложение к сборнику трудов Военной академии механизации и моторизации РККА имени товарища Сталина$fНауч.-исслед. отдел _1210##$d1935 |
|
| 430 | 1 | _12001#$aТруды Военной академии механизации и моторизации РКК имени товарища Сталина | |
| 710 | 0 | 2 |
_aВоенная академия механизации и моторизации Красной Армии им. Сталина _cМосква _3RU\NLR\AUTH\880638360 |
| 801 | 0 |
_aRU _bNLR _gPSBO |
|
| 801 | 1 |
_aRU _bInfoComm _c20040113 |
|
| 852 |
_aNLR _jП10/628 |
||
| 942 | _cJOURNAL | ||
| 945 | _aРоссийская национальная библиотека | ||
| 980 | _aNB | ||
| 980 | _aBV | ||
| 980 | _aRUSPER | ||